[Event "Aachener SV 1 - SV Wattenscheid 2"]
[Site "Oberliga NRW 2010/2011"]
[Date "2011.03.13"]
[Round "8.1"]
[White "Mladenov, Svetlin"]
[Black "Koch, Thomas"]
[Result "1/2-1/2"]
[WhiteElo "2383"]
[BlackElo "2400"]
[PlyCount "110"]
[EventDate "2011.??.??"]

1. e4 c5 2. Nf3 d6 3. d4 cxd4 4. Nxd4 Nf6 5. Nc3 a6 6. Be2 e6 7. O-O Be7 8. f4
O-O 9. Be3 Qc7 10. a4 Nc6 11. Kh1 Re8 12. Bf3 Rb8 13. g4 Nxd4 14. Bxd4 b6 15.
g5 Nd7 16. Bg2 Bb7 17. Qh5 g6 18. Qh6 Bf8 19. Qh3 e5 20. Be3 exf4 21. Rxf4 Bg7
22. Raf1 Re7 23. Rf6 Rbe8 24. Bd4 Nc5 25. e5 dxe5 26. Bxc5 Qxc5 27. Bxb7 Rxb7
28. Qf3 Rbe7 29. Ne4 Qc7 30. Rc6 Qb7 31. Kg1 Rc7 32. Rd6 b5 33. a5 Qc8 34. c3
Re6 35. Rd5 Rd7 36. Nc5 e4 37. Qf4 Rxd5 38. Qxf7+ Kh8 39. Nxe6 Rd7 40. Qf4 Qe8
41. Qxe4 Re7 42. Nxg7 Kxg7 43. Qd4+ Kg8 44. Qd5+ Kg7 45. Rf2 Re1+ 46. Kg2 Qe7
47. h4 Re6 48. Qd4+ Kg8 49. Qd5 Kg7 50. Qd4+ Kg8 51. Rd2 Qb7+ 52. Kf2 Qf7+ 53.
Kg2 Qb7+ 54. Kg1 Qf7 55. Kg2 Qb7+ 1/2-1/2

[Event "Aachener SV 1 - SV Wattenscheid 2"]
[Site "Oberliga NRW 2010/2011"]
[Date "2011.03.13"]
[Round "8.2"]
[White "Piceu, Tom"]
[Black "Visser, Yge"]
[Result "1-0"]
[WhiteElo "2328"]
[BlackElo "2399"]
[PlyCount "55"]
[EventDate "2011.??.??"]

1. d4 Nf6 2. c4 g6 3. Nc3 Bg7 4. e4 d6 5. f4 O-O 6. Nf3 c5 7. d5 e5 8. fxe5 Ng4
9. Bg5 f6 10. exf6 Bxf6 11. Bxf6 Qxf6 12. Qd2 Na6 13. Be2 Bd7 14. O-O Nc7 15.
Rae1 Ne5 16. Nd1 Rae8 17. Ne3 Nxf3+ 18. Bxf3 Qg5 19. b4 b6 20. bxc5 dxc5 21. d6
Ne6 22. Bg4 Rxf1+ 23. Rxf1 Rd8 24. Qf2 Kh8 25. h4 Qe5 26. Qf6+ Qxf6 27. Rxf6
Re8 28. Rf7 1-0

[Event "Aachener SV 1 - SV Wattenscheid 2"]
[Site "Oberliga NRW 2010/2011"]
[Date "2011.03.13"]
[Round "8.3"]
[White "Souleidis, Georgios"]
[Black "Sonntag, Hans-Hubert"]
[Result "1-0"]
[WhiteElo "2318"]
[BlackElo "2362"]
[PlyCount "101"]
[EventDate "2011.??.??"]

1. e4 e5 2. Nf3 Nc6 3. Bc4 Nf6 4. d3 Bc5 5. c3 d6 6. Bb3 Bb6 7. Nbd2 Ne7 8. Nf1
Ng6 9. Ng3 O-O 10. O-O h6 11. Re1 c6 12. h3 d5 13. exd5 Nxd5 14. d4 exd4 15.
Nxd4 Be6 16. Bc2 Bxd4 17. Qxd4 Ndf4 18. Re4 Qxd4 19. cxd4 Nxh3+ 20. gxh3 Bxh3
21. Kh2 Bd7 22. Bd2 f5 23. Re2 Nh4 24. Re7 Rad8 25. Bc3 Rfe8 26. Rxe8+ Rxe8 27.
Kg1 Kf7 28. Bb3+ Be6 29. Bxe6+ Rxe6 30. Kf1 f4 31. Ne2 g5 32. Rd1 Nf3 33. Ng1
Nh2+ 34. Kg2 Ng4 35. d5 cxd5 36. Rxd5 Nf6 37. Rc5 Kg6 38. Nf3 Ne4 39. Rc7 g4
40. Nd4 f3+ 41. Kg1 Rb6 42. Re7 Nxc3 43. bxc3 Rb1+ 44. Kh2 h5 45. Kg3 Rg1+ 46.
Kf4 Rg2 47. Ke3 h4 48. Rxb7 h3 49. Rb1 Kh5 50. Rh1 h2 51. Nxf3 1-0

[Event "Aachener SV 1 - SV Wattenscheid 2"]
[Site "Oberliga NRW 2010/2011"]
[Date "2011.03.13"]
[Round "8.4"]
[White "Coenen, Norbert"]
[Black "Tereick, Benjamin"]
[Result "0-1"]
[WhiteElo "2343"]
[BlackElo "2372"]
[PlyCount "42"]
[EventDate "2011.??.??"]

1. e4 e6 2. d4 d5 3. Nd2 Be7 4. Bd3 c5 5. dxc5 Nf6 6. exd5 Qxd5 7. Ngf3 Nbd7 8.
Bc4 Qxc5 9. O-O a6 10. Qe2 b5 11. Bd3 Bb7 12. a3 Qc7 13. c4 Nh5 14. Be4 O-O 15.
cxb5 Nf4 16. Qe3 Bc5 17. Qb3 axb5 18. Re1 Qb6 19. Bxb7 Bxf2+ 20. Kf1 Bxe1 21.
Ne4 Qxb7 0-1

[Event "Aachener SV 1 - SV Wattenscheid 2"]
[Site "Oberliga NRW 2010/2011"]
[Date "2011.03.13"]
[Round "8.5"]
[White "Franke, Johannes"]
[Black "Klein, Felix"]
[Result "1/2-1/2"]
[WhiteElo "2292"]
[BlackElo "2263"]
[PlyCount "149"]
[EventDate "2011.??.??"]

1. e4 c5 2. Nc3 e6 3. g3 d5 4. Bg2 dxe4 5. Nxe4 Be7 6. Nf3 Nf6 7. Nfg5 Nxe4 8.
Nxe4 Nd7 9. O-O Nf6 10. Nc3 O-O 11. d3 Qb6 12. a4 Bd7 13. a5 Qa6 14. f4 Bc6 15.
Re1 Bxg2 16. Kxg2 Rfe8 17. Qf3 Rad8 18. b3 b5 19. Bb2 c4 20. Ne4 Nd5 21. f5
exf5 22. Qxf5 cxd3 23. cxd3 Nb4 24. Rad1 Nxd3 25. Rxd3 Rxd3 26. Nf6+ gxf6 27.
Qxd3 Qc6+ 28. Qf3 Qxf3+ 29. Kxf3 Kf8 30. Rc1 Bb4 31. a6 Re6 32. Rc8+ Kg7 33.
Rb8 Rxa6 34. Rxb5 Ba5 35. Bd4 Kg6 36. Rb7 Bb6 37. Bxb6 Rxb6 38. Rxa7 Rxb3+ 39.
Kf4 Rb4+ 40. Kf3 Rb3+ 41. Kf4 Rb2 42. h3 h5 43. Ra5 Rf2+ 44. Ke3 Rh2 45. h4 Rb2
46. Kf4 Rb4+ 47. Kf3 Rg4 48. Ra6 Rb4 49. Ra5 f5 50. Ra6+ f6 51. Ra5 Rg4 52. Rb5
f4 53. gxf4 Rxh4 54. Kg3 Rg4+ 55. Kf3 Rg1 56. Kf2 Ra1 57. Kg3 Ra3+ 58. Kg2 h4
59. Rc5 Rg3+ 60. Kf2 f5 61. Ra5 Rg4 62. Kf3 Rg3+ 63. Kf2 Rb3 64. Kg2 h3+ 65.
Kh2 Rf3 66. Rb5 Rxf4 67. Kxh3 Kg5 68. Kg3 Ra4 69. Rb3 Rg4+ 70. Kf3 Rh4 71. Kg3
f4+ 72. Kg2 Kg4 73. Rb8 f3+ 74. Kf2 Rh2+ 75. Kf1 1/2-1/2

[Event "Aachener SV 1 - SV Wattenscheid 2"]
[Site "Oberliga NRW 2010/2011"]
[Date "2011.03.13"]
[Round "8.6"]
[White "Ahn, Martin"]
[Black "Hirsch, Stefan"]
[Result "0-1"]
[WhiteElo "2258"]
[BlackElo "2187"]
[PlyCount "78"]
[EventDate "2011.??.??"]

1. e4 e5 2. d4 exd4 3. Qxd4 Nc6 4. Qe3 Nf6 5. Nc3 Be7 6. Bc4 Nb4 7. Bb3 d5 8.
Nf3 dxe4 9. Nxe4 O-O 10. O-O Bf5 11. Nxf6+ gxf6 12. c3 Nc2 13. Bxc2 Bxc2 14.
Nd4 Bg6 15. Qf3 Qc8 16. Bh6 Re8 17. Rfe1 f5 18. Qg3 Bd6 19. Rxe8+ Qxe8 20. Bf4
Bxf4 21. Qxf4 Qd7 22. Re1 Re8 23. Rxe8+ Qxe8 24. h4 Qd7 25. Qe5 h5 26. Kh2 b6
27. b4 a6 28. Kg3 Qc8 29. Kf4 Qd8 30. g3 f6 31. Qe6+ Kg7 32. Qxb6 Qe7 33. Qe6
Qd8 34. Qxa6 Qd5 35. Qe6 Qg2 36. Qe2 Qd5 37. Qe6 Qg2 38. Qe7+ Kh6 39. Qxf6 Qe4#
0-1

[Event "Aachener SV 1 - SV Wattenscheid 2"]
[Site "Oberliga NRW 2010/2011"]
[Date "2011.03.13"]
[Round "8.7"]
[White "Lehmann, Holger"]
[Black "Begnis, Nikolaos"]
[Result "1/2-1/2"]
[WhiteElo "2139"]
[BlackElo "2252"]
[PlyCount "82"]
[EventDate "2011.??.??"]

1. e4 e5 2. Nf3 Nc6 3. Bb5 a6 4. Ba4 Nf6 5. Qe2 b5 6. Bb3 Be7 7. O-O O-O 8. c3
d6 9. h3 Na5 10. Bc2 c5 11. d3 Nc6 12. Rd1 Qc7 13. Nbd2 h6 14. Nf1 Re8 15. Ng3
Bf8 16. a4 Rb8 17. axb5 axb5 18. Nh2 g6 19. Ng4 Nxg4 20. hxg4 Qe7 21. f3 Nd8
22. Be3 Ne6 23. Qd2 Ng5 24. Bb3 c4 25. Bc2 cxd3 26. Bxd3 Be6 27. Ra7 Qf6 28.
Rda1 Red8 29. R1a6 d5 30. exd5 Rxd5 31. Qe2 Qd8 32. Bc2 Bc5 33. Bxc5 Rxc5 34.
Be4 Rc7 35. Ra8 Rcc8 36. Rxb8 Rxb8 37. Ra1 Qb6+ 38. Qf2 Qxf2+ 39. Kxf2 b4 40.
Ra5 bxc3 41. bxc3 Rb2+ 1/2-1/2

[Event "Aachener SV 1 - SV Wattenscheid 2"]
[Site "Oberliga NRW 2010/2011"]
[Date "2011.03.13"]
[Round "8.8"]
[White "Frombach, Ralf"]
[Black "Schroeder, Wilfried"]
[Result "1/2-1/2"]
[WhiteElo "2180"]
[BlackElo "2041"]
[PlyCount "70"]
[EventDate "2011.??.??"]

1. d4 d5 2. c4 e6 3. Nc3 c6 4. e4 Bb4 5. a3 Bxc3+ 6. bxc3 dxe4 7. Qg4 Nf6 8.
Qxg7 Rg8 9. Qh6 Rg6 10. Qe3 b6 11. Ne2 Bb7 12. Nf4 Rg8 13. Be2 Nbd7 14. O-O Qc7
15. a4 e5 16. Nh5 O-O-O 17. Nxf6 Nxf6 18. a5 exd4 19. cxd4 Ng4 20. Qh3 f5 21.
axb6 axb6 22. f3 exf3 23. Rxf3 Rxd4 24. Rxf5 Qd7 25. Bb2 Re4 26. Raf1 Rxe2 27.
Rf8+ Re8 28. R8f7 Re7 29. Rf8+ Rxf8 30. Rxf8+ Kc7 31. Qg3+ Qd6 32. Qxg4 Re1+
33. Rf1 Rxf1+ 34. Kxf1 Qd3+ 35. Qe2 Qxe2+ 1/2-1/2

[Event "SK Münster 1 - PSV Duisburg 1"]
[Site "Oberliga NRW 2010/2011"]
[Date "2011.03.13"]
[Round "8.1"]
[White "Wengenroth, Walter"]
[Black "Kuijf, Marinus"]
[Result "0-1"]
[WhiteElo "2273"]
[BlackElo "2360"]
[PlyCount "52"]
[EventDate "2011.??.??"]

1. c4 c6 2. d4 d5 3. Nf3 e6 4. Qc2 Nf6 5. Bg5 h6 6. Bxf6 Qxf6 7. e3 Nd7 8. Nc3
g6 9. Bd3 Bg7 10. O-O O-O 11. Rac1 Qe7 12. a3 dxc4 13. Bxc4 c5 14. Ba2 cxd4 15.
exd4 Nf6 16. Rfe1 Qd8 17. Ne5 Qxd4 18. Nb5 Qf4 19. Nc7 Rb8 20. Nxf7 Ng4 21. g3
Qxf7 22. Nxe6 Kh8 23. Nxf8 Qxf8 24. Qc5 Bd7 25. Be6 Qxc5 26. Rxc5 Re8 0-1

[Event "SK Münster 1 - PSV Duisburg 1"]
[Site "Oberliga NRW 2010/2011"]
[Date "2011.03.13"]
[Round "8.2"]
[White "Bosboom, Manuel"]
[Black "Fleck, Juergen"]
[Result "1/2-1/2"]
[WhiteElo "2408"]
[BlackElo "2358"]
[PlyCount "51"]
[EventDate "2011.??.??"]

1. c4 Nf6 2. Nf3 g6 3. b3 Bg7 4. Bb2 O-O 5. d3 c5 6. Nbd2 Nc6 7. e3 b6 8. a3
Bb7 9. Be2 e6 10. O-O Qe7 11. Qc2 Rac8 12. Rfe1 Rfd8 13. h3 d5 14. Ne5 Nxe5 15.
Bxe5 Ne8 16. Bxg7 Nxg7 17. Nf3 Nf5 18. cxd5 Bxd5 19. Qc3 Nh4 20. Nxh4 Qxh4 21.
Rec1 Bb7 22. Bf1 a5 23. Qb2 Ba6 24. Rc3 Qf6 25. Rb1 Kg7 26. Be2 1/2-1/2

[Event "SK Münster 1 - PSV Duisburg 1"]
[Site "Oberliga NRW 2010/2011"]
[Date "2011.03.13"]
[Round "8.3"]
[White "Kistella, Roman"]
[Black "Rott, Georg"]
[Result "1/2-1/2"]
[WhiteElo "2286"]
[BlackElo "2119"]
[PlyCount "82"]
[EventDate "2011.??.??"]

1. d4 d5 2. c4 c6 3. Nf3 Nf6 4. Nc3 dxc4 5. a4 Bf5 6. e3 e6 7. Bxc4 Bb4 8. O-O
Nbd7 9. Nh4 Bg6 10. Qb3 a5 11. Na2 Bd6 12. g3 Nb6 13. Nxg6 hxg6 14. Be2 Bc7 15.
Nc3 Qd7 16. f4 O-O-O 17. Bf3 Nbd5 18. Bd2 Nb4 19. Ne2 Bd6 20. Rac1 Kb8 21. Rc4
Nfd5 22. Nc1 Nb6 23. Bxb4 Nxc4 24. Be1 b5 25. axb5 cxb5 26. Qd3 Bc7 27. b3 Nd6
28. Qe2 Bb6 29. Nd3 f6 30. Nc5 Qc8 31. Ne4 b4 32. Nxd6 Rxd6 33. Qd3 f5 34. Bd2
Ka7 35. Bxb4 axb4 36. Ra1+ Kb8 37. Ra8+ Kc7 38. Qc4+ Kd7 39. Qb5+ Ke7 40. Rxc8
Rxc8 41. Qxb4 Rcd8 1/2-1/2

[Event "SK Münster 1 - PSV Duisburg 1"]
[Site "Oberliga NRW 2010/2011"]
[Date "2011.03.13"]
[Round "8.4"]
[White "Kamp, Christoph"]
[Black "Schmitz, Joachim"]
[Result "1/2-1/2"]
[WhiteElo "2151"]
[BlackElo "2278"]
[PlyCount "54"]
[EventDate "2011.??.??"]

1. c4 Nf6 2. Nc3 c5 3. Nf3 e6 4. g3 b6 5. Bg2 Bb7 6. O-O Be7 7. Re1 O-O 8. e4
d6 9. d4 cxd4 10. Nxd4 Qc8 11. Be3 Nbd7 12. Rc1 Re8 13. b3 Bf8 14. h3 a6 15.
Rc2 Qc7 16. g4 g6 17. Nde2 Rac8 18. Ng3 Red8 19. g5 Ne8 20. Rc1 Qb8 21. Qd2 Bc6
22. Nce2 Qa8 23. Nd4 Bb7 24. Qe2 Nc5 25. Bd2 Qb8 26. Nf3 Ba8 27. Nh2 b5 1/2-1/2

[Event "SK Münster 1 - PSV Duisburg 1"]
[Site "Oberliga NRW 2010/2011"]
[Date "2011.03.13"]
[Round "8.6"]
[White "Sundorf, Jannik"]
[Black "Werner, Knud"]
[Result "1-0"]
[WhiteElo "2035"]
[BlackElo "2114"]
[PlyCount "73"]
[EventDate "2011.??.??"]

1. d4 c5 2. d5 f5 3. c4 g6 4. Bd2 Bg7 5. Bc3 Nf6 6. e3 O-O 7. Be2 d6 8. h4 e5
9. dxe6 Bxe6 10. Nh3 Ne4 11. Bxg7 Kxg7 12. Nf4 Bg8 13. Qb3 Qa5+ 14. Nc3 Na6 15.
Qxb7+ Nc7 16. Qb3 Rab8 17. Qa4 Qb6 18. Nxe4 Qxb2 19. O-O fxe4 20. Qd7+ Rf7 21.
Qxd6 Ne8 22. Qxc5 Rxf4 23. exf4 Rb6 24. Qe5+ Nf6 25. c5 Rb4 26. Qxb2 Rxb2 27.
Ba6 Bd5 28. Rfd1 Rc2 29. Rdc1 Rb2 30. c6 e3 31. f3 Nh5 32. c7 Nxf4 33. c8=Q
Rxg2+ 34. Kh1 Bxf3 35. Qc7+ Kg8 36. Qb8+ Kg7 37. Qe5+ 1-0

[Event "SK Münster 1 - PSV Duisburg 1"]
[Site "Oberliga NRW 2010/2011"]
[Date "2011.03.13"]
[Round "8.7"]
[White "Montignies, Rainer"]
[Black "Gottkehaskamp, Philipp"]
[Result "1-0"]
[WhiteElo "2224"]
[BlackElo "1897"]
[PlyCount "83"]
[EventDate "2011.??.??"]

1. Nf3 Nf6 2. g3 g6 3. b3 Bg7 4. Bb2 O-O 5. Bg2 d6 6. d4 Nbd7 7. O-O c5 8. c4
Rb8 9. Nc3 b6 10. e4 Bb7 11. Re1 Ne8 12. d5 a6 13. a4 Nc7 14. Qc2 Bc8 15. Bf1
Ne5 16. Nd2 f5 17. f4 Ng4 18. Nf3 Bd7 19. e5 b5 20. h3 Nh6 21. e6 Be8 22. Bd3
bxa4 23. Nxa4 Bxa4 24. Bxg7 Kxg7 25. Qc3+ Kg8 26. Rxa4 Rb6 27. Rea1 Qb8 28. Bc2
Qb7 29. Ng5 Rb8 30. R4a3 Qc8 31. Kg2 Qf8 32. Rf1 Qg7 33. Qxg7+ Kxg7 34. Kf3 Rf8
35. g4 Rf6 36. Kg3 Rb8 37. Nf3 fxg4 38. hxg4 Rff8 39. Ng5 Ng8 40. Raa1 h6 41.
Nf3 Nf6 42. Nh4 1-0

[Event "SK Münster 1 - PSV Duisburg 1"]
[Site "Oberliga NRW 2010/2011"]
[Date "2011.03.13"]
[Round "8.8"]
[White "Liu, Yi-Nan Julian"]
[Black "Spitzer, Erwin"]
[Result "1-0"]
[WhiteElo "1913"]
[BlackElo "2040"]
[PlyCount "63"]
[EventDate "2011.??.??"]

1. e4 e5 2. Nc3 c5 3. Bc4 Nc6 4. d3 d6 5. f4 Nf6 6. Nf3 Bg4 7. h3 Bxf3 8. Qxf3
Nd4 9. Qf2 Qa5 10. O-O b5 11. fxe5 dxe5 12. Bg5 Be7 13. Bb3 Rd8 14. Bxf6 Bxf6
15. Nd5 Rd6 16. c3 Ne6 17. Nxf6+ gxf6 18. Qxf6 Rf8 19. Qxe5 Qb6 20. Bd5 Qc7 21.
Rf6 Qe7 22. Raf1 Rb6 23. Bxe6 Rxe6 24. Rxe6 Qxe6 25. Qxe6+ fxe6 26. Rxf8+ Kxf8
27. Kf2 Kf7 28. Kf3 e5 29. b4 cxb4 30. cxb4 Kf6 31. Ke3 Ke6 32. d4 1-0

[Event "SF Katernberg 2 - DJK Aufwärts Aachen 1"]
[Site "Oberliga NRW 2010/2011"]
[Date "2011.03.13"]
[Round "8.1"]
[White "Drenchev, Petar Nikolov"]
[Black "Kotainy, Jens"]
[Result "1/2-1/2"]
[WhiteElo "2479"]
[BlackElo "2350"]
[PlyCount "78"]
[EventDate "2011.??.??"]

1. c4 c5 2. Nc3 Nc6 3. g3 g6 4. Bg2 Bg7 5. Nf3 e5 6. O-O d6 7. a3 Nge7 8. d3
O-O 9. Rb1 a5 10. Ne1 Be6 11. Nd5 Rb8 12. Bd2 b5 13. Nc2 f5 14. cxb5 Bxd5 15.
Bxd5+ Nxd5 16. bxc6 Qc7 17. b4 axb4 18. axb4 Qxc6 19. bxc5 Qxc5 20. Ne3 Nxe3
21. Bxe3 Qc6 22. Qd2 d5 23. Qa2 Ra8 24. Qb3 f4 25. Rfc1 Qd7 26. Bc5 Rfc8 27.
Ba3 h5 28. Rxc8+ Rxc8 29. Rc1 Rxc1+ 30. Bxc1 g5 31. e4 fxe3 32. fxe3 Qc6 33.
Bd2 Kh7 34. Kg2 Kg6 35. h3 g4 36. hxg4 hxg4 37. Qd1 Kf5 38. Qf1+ Kg6 39. Qe2
Kf5 1/2-1/2

[Event "SF Katernberg 2 - DJK Aufwärts Aachen 1"]
[Site "Oberliga NRW 2010/2011"]
[Date "2011.03.13"]
[Round "8.2"]
[White "Rosen, Bernd"]
[Black "Roeder, Matthias"]
[Result "1/2-1/2"]
[WhiteElo "2304"]
[BlackElo "2396"]
[PlyCount "40"]
[EventDate "2011.??.??"]

1. Nf3 Nf6 2. c4 b6 3. g3 Bb7 4. Bg2 e6 5. O-O Be7 6. d4 O-O 7. d5 Na6 8. Nc3
Bb4 9. Nh4 Bxc3 10. bxc3 Nc5 11. Ba3 d6 12. Bxc5 dxc5 13. Qc2 Qe7 14. e4 Ne8
15. e5 exd5 16. f4 Rd8 17. Nf5 Qe6 18. Rad1 c6 19. Rfe1 Kh8 20. Nh4 Nc7 1/2-1/2

[Event "SF Katernberg 2 - DJK Aufwärts Aachen 1"]
[Site "Oberliga NRW 2010/2011"]
[Date "2011.03.13"]
[Round "8.3"]
[White "Braun, Christian"]
[Black "Hoolt, Sarah"]
[Result "1-0"]
[WhiteElo "2368"]
[BlackElo "2250"]
[PlyCount "83"]
[EventDate "2011.??.??"]

1. e4 c5 2. Nf3 e6 3. d3 Nc6 4. g3 g6 5. Bg2 Bg7 6. O-O Nf6 7. Re1 d6 8. c3 O-O
9. Nbd2 e5 10. a3 b5 11. d4 Rb8 12. d5 Ne7 13. a4 b4 14. Nc4 Nh5 15. Nfd2 h6
16. Nf1 f5 17. exf5 Nxf5 18. Nfd2 Nf6 19. Ne4 Nxe4 20. Bxe4 Qf6 21. Qf3 Qe7 22.
Qe2 Ba6 23. Bd2 Rf6 24. Bd3 Bb7 25. f4 Bxd5 26. fxe5 Re6 27. Bxf5 gxf5 28. Nxd6
Rxd6 29. exd6 Qb7 30. Qe7 Qb6 31. Qc7 Qxc7 32. dxc7 Rc8 33. Re7 Bc6 34. Bxh6
Bxh6 35. Re6 bxc3 36. bxc3 Rxc7 37. Rxh6 Be4 38. Rd1 Rb7 39. Kf2 Rb2+ 40. Ke3
Rc2 41. Rd7 Rxc3+ 42. Kf4 1-0

[Event "SF Katernberg 2 - DJK Aufwärts Aachen 1"]
[Site "Oberliga NRW 2010/2011"]
[Date "2011.03.13"]
[Round "8.4"]
[White "Villwock, Martin"]
[Black "Buscher, Michael"]
[Result "1/2-1/2"]
[WhiteElo "2091"]
[BlackElo "2361"]
[PlyCount "115"]
[EventDate "2011.??.??"]

1. e4 c5 2. Nf3 Nc6 3. Bb5 e5 4. O-O Nge7 5. c3 a6 6. Ba4 d6 7. h3 b5 8. Bc2
Ng6 9. a4 Rb8 10. axb5 axb5 11. d4 Qc7 12. Be3 Be7 13. Nbd2 O-O 14. Re1 Bd7 15.
Nf1 Ra8 16. Rxa8 Rxa8 17. Ng3 Bf8 18. Nf5 Nd8 19. h4 cxd4 20. cxd4 exd4 21.
N3xd4 Ne5 22. Bb3 Nc4 23. Bg5 Ne6 24. Be7 Nxd4 25. Qxd4 Qc5 26. Qc3 Qe5 27.
Bxf8 Kxf8 28. Bxc4 Qxc3 29. bxc3 Bxf5 30. Bxb5 Be6 31. Re3 Ra1+ 32. Kh2 Rc1 33.
Kg3 f6 34. f4 Ke7 35. f5 Bb3 36. Bc6 Bc4 37. Bd5 Ba6 38. Kf4 h5 39. Rg3 Kf8 40.
Rf3 Rc2 41. g3 Rc1 42. Re3 Rf1+ 43. Rf3 Rc1 44. c4 Bxc4 45. Bxc4 Rxc4 46. Rd3
Ke7 47. Rd5 Rc3 48. Ra5 Rd3 49. Ra7+ Kf8 50. Ra8+ Kf7 51. Rh8 d5 52. exd5 Rd4+
53. Ke3 Rxd5 54. Rxh5 Kg8 55. g4 Ra5 56. Kf4 Ra4+ 57. Kf3 Ra3+ 58. Kf4 1/2-1/2

[Event "SF Katernberg 2 - DJK Aufwärts Aachen 1"]
[Site "Oberliga NRW 2010/2011"]
[Date "2011.03.13"]
[Round "8.5"]
[White "Gulbas, Cemil"]
[Black "Gassmann, Volker"]
[Result "1-0"]
[WhiteElo "2325"]
[BlackElo "2165"]
[PlyCount "105"]
[EventDate "2011.??.??"]

1. e4 c6 2. d4 d5 3. e5 c5 4. dxc5 e6 5. Be3 Nh6 6. Bd4 Nd7 7. b4 Nf5 8. Nf3 g5
9. Bb2 Bg7 10. Bb5 O-O 11. Qe2 h6 12. O-O Qc7 13. h3 b6 14. cxb6 Qxb6 15. Rd1
Rb8 16. Bd3 Re8 17. a3 a5 18. c3 Ne7 19. b5 a4 20. c4 dxc4 21. Bxc4 Ng6 22.
Nbd2 Bb7 23. Rac1 Nf4 24. Qe1 Bd5 25. Bf1 Qb7 26. Qe3 Rec8 27. h4 Rxc1 28. Rxc1
g4 29. Qxf4 gxf3 30. Nxf3 Bxf3 31. gxf3 Kh8 32. Kh1 Nf8 33. Bd3 Ng6 34. Qg3 Qd5
35. Bxg6 fxg6 36. Rg1 Qc4 37. f4 Rg8 38. b6 Qc6+ 39. Kh2 Qxb6 40. Bc1 Qd8 41.
Kh3 Qe8 42. Qxg6 Qxg6 43. Rxg6 Rc8 44. Be3 Re8 45. Kg4 Kg8 46. h5 Kf7 47. Bc5
Rc8 48. Bd6 Rc4 49. Kg3 Rd4 50. Bb4 Rd1 51. Kg2 Rd4 52. f5 exf5 53. e6+ 1-0

[Event "SF Katernberg 2 - DJK Aufwärts Aachen 1"]
[Site "Oberliga NRW 2010/2011"]
[Date "2011.03.13"]
[Round "8.6"]
[White "Wessendorf, Thomas"]
[Black "Hautot, Stephane"]
[Result "0-1"]
[WhiteElo "2223"]
[BlackElo "2396"]
[PlyCount "70"]
[EventDate "2011.??.??"]

1. e4 d6 2. d4 Nf6 3. Nc3 Nbd7 4. Nf3 e5 5. Bc4 Be7 6. O-O O-O 7. Re1 c6 8. a4
b6 9. d5 c5 10. a5 a6 11. axb6 Nxb6 12. Bf1 Ne8 13. Bd2 g6 14. Na4 Nxa4 15.
Rxa4 f5 16. Ba5 Qd7 17. Ra3 Rb8 18. Bc3 Nc7 19. exf5 Rxf5 20. Bc4 Kf8 21. Qd2
Bf6 22. b4 cxb4 23. Bxb4 Rf4 24. Qc3 e4 25. Rxe4 Bxc3 26. Rxf4+ Kg8 27. Bxc3
Rb1+ 28. Be1 Bb7 29. Rd3 Qa4 30. Rb3 Qa1 31. Kf1 Bxd5 32. Rd3 Rd1 33. Rxd5 Nxd5
34. Ke2 Rxe1+ 35. Nxe1 Qe5+ 0-1

[Event "SF Katernberg 2 - DJK Aufwärts Aachen 1"]
[Site "Oberliga NRW 2010/2011"]
[Date "2011.03.13"]
[Round "8.7"]
[White "Skulener, Wladimir"]
[Black "Bachmann, Karlheinz"]
[Result "1-0"]
[WhiteElo "2285"]
[BlackElo "2213"]
[PlyCount "165"]
[EventDate "2011.??.??"]

1. Nf3 c5 2. c4 Nc6 3. d4 cxd4 4. Nxd4 g6 5. e4 Bg7 6. Be3 Nf6 7. Nc3 Ng4 8.
Qxg4 Nxd4 9. Qd1 Ne6 10. Qd2 d6 11. Be2 O-O 12. O-O Nc5 13. f3 a5 14. b3 Be6
15. Rac1 Rc8 16. Rfd1 f5 17. exf5 Rxf5 18. Nd5 Rf7 19. Kh1 Rc6 20. Bf1 Bc8 21.
Bg5 b6 22. Re1 Bf8 23. Re2 Be6 24. Nf4 Bf5 25. Nd5 Be6 26. Rce1 Bxd5 27. cxd5
Rc7 28. Be3 Bg7 29. Bd4 Qf8 30. Bxg7 Qxg7 31. f4 Rf8 32. g3 Kh8 33. h4 Re8 34.
Bh3 Qf6 35. Bg4 Kg7 36. Rh2 h5 37. Bh3 Rf8 38. Rf2 Rf7 39. Kh2 Nd7 40. Re3 Nc5
41. Rff3 Ra7 42. Re1 Ra8 43. a3 a4 44. b4 Nb3 45. Qc3 Nd4 46. Rd3 Nf5 47. Qxf6+
Kxf6 48. Rc3 Rff8 49. Re6+ Kf7 50. Bxf5 gxf5 51. Rc7 Rfe8 52. Kg2 Rac8 53.
Rexe7+ Rxe7 54. Rxc8 Re3 55. Rc7+ Ke8 56. Rc6 Ke7 57. Rxb6 Rxa3 58. Rb7+ Ke8
59. Rh7 Rb3 60. Rxh5 Rxb4 61. Rh7 Rb5 62. Ra7 Rxd5 63. h5 Kf8 64. Kh3 Rd3 65.
Ra5 d5 66. Rxa4 Kg7 67. Kh4 Kf6 68. Ra6+ Kg7 69. h6+ Kh7 70. Rf6 d4 71. Rxf5
Kxh6 72. Rf6+ Kg7 73. Rd6 Rd1 74. Kg5 d3 75. g4 d2 76. Kf5 Kf7 77. g5 Ke7 78.
Rd3 Kf7 79. g6+ Ke7 80. Rd5 Ra1 81. Rxd2 Ra5+ 82. Kg4 Kf6 83. Rd6+ 1-0

[Event "SF Katernberg 2 - DJK Aufwärts Aachen 1"]
[Site "Oberliga NRW 2010/2011"]
[Date "2011.03.13"]
[Round "8.8"]
[White "Riesenbeck, Juergen"]
[Black "van Dooren, Dirk"]
[Result "0-1"]
[WhiteElo "1892"]
[BlackElo "2248"]
[PlyCount "62"]
[EventDate "2011.??.??"]

1. e4 e5 2. Nf3 Nc6 3. Be2 f5 4. d3 fxe4 5. dxe4 Nf6 6. Nbd2 Bc5 7. c3 a6 8.
O-O O-O 9. b4 Ba7 10. Nc4 d6 11. Be3 Kh8 12. Bxa7 Rxa7 13. Qd3 Qe8 14. Nfd2 Ne7
15. a4 Bd7 16. a5 Qg6 17. Qg3 Bc6 18. Bd3 Qh5 19. Rfe1 Ng6 20. Ne3 Nf4 21. Nef1
d5 22. Qe3 dxe4 23. Bxe4 Nxe4 24. Nxe4 Raa8 25. Nfg3 Qg6 26. f3 h5 27. h4 Bxe4
28. fxe4 Rad8 29. Rad1 Qg4 30. Rxd8 Rxd8 31. Qf3 Qxh4 0-1

[Event "SG Porz 2 - SV Castrop-Rauxel 1"]
[Site "Oberliga NRW 2010/2011"]
[Date "2011.03.13"]
[Round "8.1"]
[White "Kartsev, Soel"]
[Black "Miedema, David"]
[Result "0-1"]
[WhiteElo "2131"]
[BlackElo "2383"]
[PlyCount "100"]
[EventDate "2011.??.??"]

1. d4 Nf6 2. Bg5 Ne4 3. Bf4 d5 4. Nd2 Nxd2 5. Qxd2 e6 6. e3 c5 7. Bb5+ Nc6 8.
Nf3 Bd7 9. O-O Qb6 10. a4 Be7 11. c4 dxc4 12. Bxc4 cxd4 13. exd4 Na5 14. Rfc1
Nxc4 15. Rxc4 Bc6 16. Rac1 f6 17. b4 a6 18. d5 exd5 19. Be3 Qd8 20. Rg4 O-O 21.
Nd4 Bd7 22. Rg3 Rc8 23. Bh6 Rxc1+ 24. Qxc1 Rf7 25. b5 Qa5 26. h4 Qxa4 27. Qc7
Qd1+ 28. Kh2 Qxd4 29. Qxd7 Qxh4+ 30. Rh3 Qb4 31. Rg3 Bf8 32. Qxd5 Qxb5 33. Qd8
Qh5+ 34. Rh3 Qe5+ 35. Rg3 a5 36. Bd2 Qc7 37. Qd5 a4 38. Kg1 Qd6 39. Qa2 g6 40.
f4 Kg7 41. Rf3 Rd7 42. Bc3 b5 43. f5 g5 44. Qe6 Qxe6 45. fxe6 Rd1+ 46. Kf2 Be7
47. Rf5 b4 48. Ke2 Rd6 49. Ba1 Rxe6+ 50. Kd3 Kg6 0-1

[Event "SG Porz 2 - SV Castrop-Rauxel 1"]
[Site "Oberliga NRW 2010/2011"]
[Date "2011.03.13"]
[Round "8.2"]
[White "Korotkevych, Stanislav"]
[Black "Fischer, Thomas"]
[Result "1-0"]
[WhiteElo "2340"]
[BlackElo "2120"]
[PlyCount "47"]
[EventDate "2011.??.??"]

1. d4 d5 2. Nf3 e6 3. c4 f5 4. Nc3 Nf6 5. Qc2 c6 6. Bf4 Be7 7. e3 O-O 8. Bd3
Ne4 9. g4 Nd6 10. cxd5 cxd5 11. Rg1 Nc6 12. a3 Ne4 13. gxf5 exf5 14. Nxd5 Qa5+
15. Ke2 Be6 16. Nxe7+ Nxe7 17. Qc7 Qxc7 18. Bxc7 Nd5 19. Be5 Ndf6 20. Rac1 Rac8
21. Rxc8 Rxc8 22. Bxe4 Nxe4 23. Rxg7+ Kf8 24. Rc7 1-0

[Event "SG Porz 2 - SV Castrop-Rauxel 1"]
[Site "Oberliga NRW 2010/2011"]
[Date "2011.03.13"]
[Round "8.3"]
[White "Kaeding, Rainer"]
[Black "Malykin, Vitaly"]
[Result "0-1"]
[WhiteElo "2130"]
[BlackElo "2307"]
[PlyCount "66"]
[EventDate "2011.??.??"]

1. e4 g6 2. d4 Bg7 3. Nc3 d6 4. g3 Nf6 5. Bg2 O-O 6. Nge2 e5 7. h3 c6 8. Be3 b5
9. dxe5 dxe5 10. Qxd8 Rxd8 11. Rd1 Rxd1+ 12. Nxd1 Be6 13. Nc1 Nbd7 14. Nd3 Bf8
15. a3 a5 16. Kd2 c5 17. f3 c4 18. Nc1 Nc5 19. c3 Nfd7 20. Nf2 b4 21. axb4 axb4
22. f4 bxc3+ 23. bxc3 Nb3+ 24. Kc2 Bc5 25. Bxc5 Ndxc5 26. Kb2 Na4+ 27. Kc2 Na1+
28. Kd2 Rd8+ 29. Ke3 Nxc3 30. Ne2 Nc2+ 31. Kf3 Nxe2 32. Kxe2 c3 33. Rc1 Rd2+
0-1